Ti84 Calculator quiz - Statistics

General Stats
  • This quiz has been taken 88 times
  • The average score is 19 of 29
Answers on the Map
Answers color-coded by a green-red scale on the quiz's map according to % correct below.
 
Answer Stats
Answer % Correct
1
100%
2
100%
3
100%
4
100%
5
100%
6
100%
8
100%
9
100%
7
99%
0
90%
minus
83%
plus
83%
divide
78%
times
75%
down
69%
left
69%
right
69%
up
69%
enter
55%
Alpha
42%
decimal
42%
Graph
38%
y=
35%
delete
23%
math
21%
mode
21%
Window
18%
Trace
17%
Zoom
13%
No matching quizzes found
Score Distribution
Percent of People with Each Score
Percentile by Number Answered
Your Score History
You have not taken this quiz